| 000 | 00784nam a22002532 4500 | ||
|---|---|---|---|
| 999 |
_c6824 _d6824 |
||
| 001 | 6824 | ||
| 003 | UkOxU | ||
| 005 | 20180130190944.0 | ||
| 008 | 930218t19621961enk 000 0beng d | ||
| 035 | _aOCLC ocm27466683 from D970814M | ||
| 040 |
_aTEJ _cTEJ _dUKM _dEQO |
||
| 041 | _aeng | ||
| 082 | 0 | 4 |
_a610.924 _218 _bMON 1962 |
| 090 |
_aR154.D634 _bM6 1962 |
||
| 100 | 1 |
_aMonahan, James, _d1904- |
|
| 245 | 1 | 0 |
_aBefore I sleep-- : _bthe last days of Dr. Tom Dooley / _cedited with a foreword by James Monahan. |
| 260 |
_aKingswood : _bThe World's Work (1913), _c1962, c1961. |
||
| 300 |
_ax, 275 p. ; _c22 cm. |
||
| 600 | 1 | 0 |
_aDooley, Thomas A. _q(Thomas Anthony), _d1927-1961. |
| 650 | _aPhysicians | ||
| 740 | 4 | 1 | _aThe last days of Dr. Tom Dooley. |
| 942 |
_2ddc _cBK |
||